Zefektívnenie logistického systému v podmienkach Faurecia Slovakia, s.r.o. Hlohovec : Diplomová práca

Saved in:
Bibliographic Details
Main Author: Kvasničková, Martina (xxx)
Other Authors: Jacinto Assuncao, Domingos (xxx)
Format: Manuscript Book
Language:Slovak
Published: Trnava : STU v Bratislave MtF KPIM, 2007
Subjects:
Tags: Add Tag
No Tags, Be the first to tag this record!

MARC

LEADER 00000ntm a22000003a 4500
001 stu145014
005 20160719155737.3
008 070907s2007----xo------------------slo-d
040 |a STU  |b slo 
041 0 |a slo 
044 |a xo 
100 1 |a Kvasničková, Martina  |4 xxx 
245 1 |a Zefektívnenie logistického systému v podmienkach Faurecia Slovakia, s.r.o. Hlohovec :  |b Diplomová práca 
260 |a Trnava :  |b STU v Bratislave MtF KPIM,  |c 2007 
300 |a 75 s  |c príl (1 CD-ROM) 
500 |a Program: priemyselné manažérstvo 
650 7 |a logistika  |2 stusub 
700 1 |a Jacinto Assuncao, Domingos  |4 xxx  |u M4000  |U MTF Materiálovotechnologická fakulta  |T MTF Ústav priemyselného inžinierstva a manažmentu  |X 3648  |U M4000  |Y 84  |7 A000003648 
996 |b 284M065846  |c M*DP-6868  |l MMSKP  |s P  |a 0  |w stu145014_0001